Houseboat days in China

Bibliographic Details
Main Author: Bland, J.O.P
Format: Book
Published: Hong Kong : Earnshaw Books , 2008
Subjects:

MARC

LEADER 00000cam a2200000 7i4500
001 0000140654
005 20100816.0
020 |a 9789881762122 
090 0 0 |a 915.104   |b BLA 
100 1 |a Bland, J.O.P 
245 1 0 |a Houseboat days in China   |c J.O.P. Bland 
260 |a Hong Kong :   |b Earnshaw Books ,   |c 2008 
300 |a 230p. ;   |c 21cm. 
650 0 0 |a House-boats 
651 0 |a China   |x Description and travel 
999 |a 00238455   |b BUKU   |c PINJAMAN   |e PERPUSTAKAAN KOMUNITI PETALING JAYA